Η μάθηση από τα πρώτα βήματα

Αποθηκεύτηκε σε:
Λεπτομέρειες βιβλιογραφικής εγγραφής
Κύριος συγγραφέας: Einon, Dorothy
Άλλοι συγγραφείς: Καντζόλα-Σαμπατάκου, Βεατρίκη (trlf)
Μορφή: Βιβλίο
Γλώσσα:Greek
English
Δημοσίευση: [Αθήνα] : Πατάκης, 2000.
Θέματα:
Ετικέτες: Προσθήκη ετικέτας
Δεν υπάρχουν, Καταχωρήστε ετικέτα πρώτοι!

MARC

LEADER 00000cam a2200000 i 4500
001 1/88632
008 051107s2000 gr | ||| |||| ||gre||
020 |a 9603783978 
035 |l 10081129 
040 |a GR-MY-UA  |b gre  |e aacr 
041 1 |a gre  |h eng 
082 7 |a 649.1   |2 (22) 
100 1 |a Einon, Dorothy. 
245 1 2 |a Η μάθηση από τα πρώτα βήματα /   |c Ντόροθυ Αΐνον ; μετάφραση: Βεατρίκη Κάντζολα-Σαμπατάκου ; επιμέλεια, διορθώσεις: Άρτεμις Πατίστα.  
260 |a [Αθήνα] :   |b Πατάκης,   |c 2000.  
300 |a 240 σ. :   |b εγχρ. εικ. ;   |c 26 εκ. 
500 |a Τίτλος πρωτοτύπου: Learning early.  
504 |a Περιλαμβάνει ευρετήριο. 
650 0 0 |a Early childhood education  |x Parent participation  |x Handbooks, manuals, etc. 
650 0 0 |a Learning, Psychology of  |x Handbooks, manuals, etc. 
650 0 0 |a Child development  |x Handbooks, manuals, etc. 
650 0 0 |a Child rearing. 
700 1 |a Καντζόλα-Σαμπατάκου, Βεατρίκη,  |e trlf 
852 |a INST  |b RHODES  |e 20051107  |h 649.1 ΕΙΝ  |p 005400021992  |q 005400021992  |t BK  |y 0 
901 |a BIBL4-2005-3 
909 |a Ρ  |b 122632 
970 |a ΚΟΖΑ  |b ΜΑΡΙΑ  |z 2005/11/07